=LDR 00000nam 2200000 4500 =001 INLIS000000000037733 =005 20130612143441 =008 ***********************************Ind** =035 ##$$0010-061300000037733 =041 ##$$a Ind =082 ##$$a 658.47 =090 ##$$a 658.47, Ard i =100 ##$$a Ardiyanto, Gunawan =245 ##$$a Intelijen bisnis, Gunawan Ardiyanto =260 ##$$a 2010 $b Yogyakarta =300 ##$$a 144 hlm, 23 cm =650 ##$$a Intelijen bisnis =850 ##$$a NBPNMAT